000 01043nam0a22002651 4500
001 rc\998847
005 20220118174438.0
035 _a(NLR Aleph) 006165316
090 _a5906734
_c5906734
100 _a20041129d1981 u |0rusy50 ca
101 0 _arus
102 _aRU
105 _ay |||||||||
200 1 _aСемья и воспитание детей
_e(Метод. рекомендации родителям и учителям сред. школы)
_fАПН СССР, НИИ общ. образования взрослых
_g[Сост. Лисовский В.Т. и др.]
210 _aМ.
_cНИИООВ
_d1981
215 _a53 с.
_d20
320 _aБиблиогр.: с. 53
702 1 _aЛисовский
_bВ. Т.
_f1929-2002
_gВладимир Тимофеевич
_4220
712 0 2 _aНИИ общего образования взрослых
_cЛенинград
_3RU\NLR\AUTH\8810062841
801 0 _aRU
_bNLR
_gpsbo
801 1 _aRU
_bELAR
_2rusmarc
852 _aNLR
_j81-4/15667
942 _cBOOK
980 _aNB